Techniky spojování III.: Voštinové sendviče

Papierové voštiny a ich využitie ako fixačných prvkov, paliet, boxov. Technológia výroby papierových voštín. Sendvičové konštrukčné prvky. Použitie voštinových sendvičov.

Guardado en:
Detalles Bibliográficos
Autor principal: Vítek, Miloslav
Formato: Capítulo de libro
Lenguaje:checo
Materias:
Etiquetas: Agregar Etiqueta
Sin Etiquetas, Sea el primero en etiquetar este registro!

MARC

LEADER 00000naa a2200000 4500
001 0210157
005 20231211081210.4
041 0 |a cze 
044 |a CZ 
245 1 0 |a Techniky spojování III.: Voštinové sendviče  |c Miloslav Vítek 
520 |a Papierové voštiny a ich využitie ako fixačných prvkov, paliet, boxov. Technológia výroby papierových voštín. Sendvičové konštrukčné prvky. Použitie voštinových sendvičov. 
610 2 0 |a technika obalová 
610 2 0 |a balenie 
610 2 0 |a obaly 
610 2 0 |a papier 
610 2 0 |a preprava 
100 1 |a Vítek, Miloslav